Sams teach yourself E-Commerce programming with ASP in 21 days / (Record no. 166487)

MARC details
000 -LEADER
fixed length control field 00906nam a22002654a 4500
008 - FIXED-LENGTH DATA ELEMENTS--GENERAL INFORMATION
fixed length control field
020 ## - INTERNATIONAL STANDARD BOOK NUMBER
International Standard Book Number 0672318989 (pbk. )
049 ## - LOCAL HOLDINGS (OCLC)
Holding library MAIN
090 0# - LOCALLY ASSIGNED LC-TYPE CALL NUMBER (OCLC); LOCAL CALL NUMBER (RLIN)
Classification number (OCLC) (R) ; Classification number, CALL (RLIN) (NR) HF5548.32 WAL
003 - CONTROL NUMBER IDENTIFIER
control field
005 - DATE AND TIME OF LATEST TRANSACTION
control field 20230123134453.0
040 ## - CATALOGING SOURCE
Transcribing agency NUST
100 1# - MAIN ENTRY--PERSONAL NAME
Personal name Walther, Stephen.
245 10 - TITLE STATEMENT
Title Sams teach yourself E-Commerce programming with ASP in 21 days /
Statement of responsibility, etc. Stephen Walther, Jonathan Levine.
246 30 - VARYING FORM OF TITLE
Title proper/short title Teach yourself E-Commerce programming with ASP in 21 days.
260 ## - PUBLICATION, DISTRIBUTION, ETC.
Place of publication, distribution, etc. Indianapolis :
Name of publisher, distributor, etc. Sams,
Date of publication, distribution, etc. 2000.
300 ## - PHYSICAL DESCRIPTION
Extent xiii, 603 p. :
Other physical details ill. ;
Dimensions 24 cm.
500 ## - GENERAL NOTE
General note Includes index.
538 ## - SYSTEM DETAILS NOTE
System details note System requires Windows NT or Windows 2000 with Internet Information Server installed.
650 #0 - SUBJECT ADDED ENTRY--TOPICAL TERM
Topical term or geographic name entry element Electronic commerce.
630 00 - SUBJECT ADDED ENTRY--UNIFORM TITLE
Uniform title Active server pages.
700 1# - ADDED ENTRY--PERSONAL NAME
Personal name Levine, Jonathan.
907 ## - LOCAL DATA ELEMENT G, LDG (RLIN)
a .b10246769
b 13-07-07
c 30-05-07
942 ## - ADDED ENTRY ELEMENTS (KOHA)
Koha item type Ordinary Loan Books
Call number prefix HF5548.32 WAL
Holdings
Date last seen Total Checkouts Full call number Barcode Cost, replacement price Price effective from Koha item type Lost status Source of classification or shelving scheme Damaged status Not for loan Collection Withdrawn status Home library Current library Shelving location Date acquired Cost, normal purchase price
01/23/2023 7 HF5548.32 WAL 92004002725 80.00 01/23/2023 BOOKS   lcc     NFIC   MAIN MAIN GEN 01/23/2023 80.00